00382nam a2200145 a 4500008004100000020001500041050001900056100002300075245002200098246004000120250001200160260004000172350000900212700001500221120416s1995 ||||||||||||||||| || u a0471305766 aTK 7881.15 Moh aRobbins, William P10aPower electronics aconverters, applications and design a2nd ed. aNew YorkbJohn Wiley and Sonsc1995 a0.00 aMohan, Ned